[Event "Thanksgiving Open"]
[Site "?"]
[Date "2011.11.25"]
[Round "1"]
[White "Finegold, Spencer"]
[Black "Zhou, Jason"]
[Result "1-0"]
[WhiteElo "2126"]
[BlackElo "1785"]
[PlyCount "39"]
[EventDate "2011.11.25"]
[SourceDate "2011.11.25"]

1. Nf3 c5 2. c4 Nf6 3. g3 g6 4. Bg2 Bg7 5. O-O O-O 6. Nc3 d6 7. d4 Nbd7 8. d5
Nb6 9. Nd2 Bd7 10. h3 Qc8 11. Kh2 e6 12. a4 exd5 13. cxd5 a5 14. e4 Re8 15. f4
Qc7 16. Re1 c4 17. Nf3 Nh5 18. e5 Bh8 19. g4 Ng7 20. Ne4 1-0

[Event "Thanksgiving Open"]
[Site "?"]
[Date "2011.11.25"]
[Round "?"]
[White "Schneider, Thomas"]
[Black "Shabalov, Alex"]
[Result "*"]
[WhiteElo "1974"]
[BlackElo "2606"]
[PlyCount "60"]
[EventDate "2011.11.25"]
[SourceDate "2011.11.25"]

1. d4 d5 2. c4 c6 3. Nf3 Nf6 4. Nc3 a6 5. cxd5 cxd5 6. Bf4 Nc6 7. Rc1 Ne4 8. e3
Nxc3 9. Rxc3 e5 10. Nxe5 Bb4 11. Bd3 Nxe5 12. Bxe5 Bxc3+ 13. bxc3 O-O 14. Qh5
h6 15. Bf4 Qd7 16. O-O Qe6 17. c4 dxc4 18. d5 Qg4 19. Qxg4 Bxg4 20. Bxc4 Rac8
21. Bb3 Be2 22. Re1 Bc4 23. d6 Rfd8 24. Rd1 b5 25. f3 Bxb3 26. axb3 f6 27. b4
Kf7 28. Kf2 Ke6 29. Rd2 Rc4 30. e4 Rdc8 *

[Event "Thanksgiving Open"]
[Site "?"]
[Date "2011.11.25"]
[Round "2"]
[White "Vergilesov, Alex"]
[Black "Zhou, Jason"]
[Result "1-0"]
[WhiteElo "1958"]
[BlackElo "1768"]
[PlyCount "53"]
[EventDate "2011.11.25"]
[SourceDate "2011.11.25"]

1. e4 c5 2. Nf3 g6 3. Bc4 Bg7 4. O-O Nc6 5. c3 Nf6 6. e5 Ng8 7. d4 cxd4 8. cxd4
d5 9. exd6 Qxd6 10. d5 Ne5 11. Bf4 Bg4 12. Bb5+ Kf8 13. Bg3 Nh6 14. Nc3 Bh5 15.
Qb3 Nxf3+ 16. gxf3 Qf6 17. d6 exd6 18. Nd5 Qd8 19. Rfe1 Be5 20. f4 a6 21. Ba4
b5 22. Bxb5 axb5 23. fxe5 Nf5 24. exd6 Nxg3 25. Qxg3 Ra4 26. b4 Ra6 27. Nc7 1-0

[Event "Thanksgiving Open"]
[Site "?"]
[Date "2011.11.25"]
[Round "1"]
[White "Barrett, Matt"]
[Black "Frank, Josh"]
[Result "1/2-1/2"]
[WhiteElo "1770"]
[BlackElo "2161"]
[PlyCount "52"]
[EventDate "2011.11.25"]
[SourceDate "2011.11.25"]

1. e4 d6 2. Nf3 Nf6 3. Nc3 g6 4. d4 Bg7 5. Bd3 O-O 6. h3 Nc6 7. Be3 e5 8. d5
Ne7 9. Qd2 Bd7 10. O-O-O c6 11. dxc6 Bxc6 12. Bg5 Rc8 13. Rhe1 Qd7 14. Bc4 Rfd8
15. Bb3 b5 16. Bxf6 Bxf6 17. Ng5 b4 18. Nxf7 bxc3 19. Qxd6 Qxd6 20. Rxd6 Rxd6
21. Nxd6+ Kf8 22. Nxc8 cxb2+ 23. Kxb2 Nxc8 24. Bd5 Ba4 25. Bb3 Bc6 26. Bd5 Ba4
1/2-1/2

[Event "Thanksgiving Open"]
[Site "?"]
[Date "2011.11.25"]
[Round "?"]
[White "Barrett, Matt"]
[Black "Gaul, Thomas"]
[Result "1/2-1/2"]
[WhiteElo "1770"]
[BlackElo "1903"]
[PlyCount "75"]
[EventDate "2011.11.25"]
[SourceDate "2011.11.25"]

1. e4 e6 2. d4 d5 3. exd5 exd5 4. Nf3 Bd6 5. Bd3 Ne7 6. c4 c6 7. Nc3 Bg4 8. h3
Be6 9. Qe2 dxc4 10. Bxc4 Bxc4 11. Qxc4 O-O 12. Bg5 h6 13. Be3 Nd7 14. O-O Nb6
15. Qb3 Ng6 16. Rad1 Nf4 17. Ne5 Nfd5 18. Nxd5 cxd5 19. a4 a5 20. Qb5 f6 21.
Nd3 Bc7 22. Rc1 g5 23. Nc5 Qd6 24. g3 Ra7 25. Rc3 f5 26. f4 Nc4 27. Nxb7 Rxb7
28. Qxb7 Rb8 29. Qa7 Bb6 30. Qa6 Re8 31. Rxc4 dxc4 32. Qxc4+ Kg7 33. Bf2 gxf4
34. d5 fxg3 35. Qc3+ Kh7 36. Bxb6 Qxb6+ 37. Kh1 Qg6 38. Qc7+ 1/2-1/2

[Event "Thanksgiving Open"]
[Site "?"]
[Date "2011.11.25"]
[Round "2"]
[White "Frank, Joshua"]
[Black "Hosler, Matt"]
[Result "0-1"]
[WhiteElo "2161"]
[BlackElo "1701"]
[PlyCount "102"]
[EventDate "2011.11.25"]
[SourceDate "2011.11.25"]

1. Nf3 d5 2. g3 c5 3. Bg2 Nc6 4. d4 cxd4 5. Nxd4 Nf6 6. O-O Qb6 7. Be3 Qxb2 8.
Nxc6 Qxa1 9. Nb4 Qe5 10. Na3 e6 11. Bf4 Qc3 12. Nb5 Qxb4 13. Nc7+ Kd7 14. Nxa8
Bd6 15. c3 Qc4 16. Re1 Bxf4 17. gxf4 b6 18. e4 Bb7 19. Bf1 Qxa2 20. exd5 Qxd5
21. Bg2 Qxd1 22. Rxd1+ Nd5 23. Nxb6+ axb6 24. c4 Kd6 25. f5 Rc8 26. cxd5 Bxd5
27. fxe6 fxe6 28. f4 Rf8 29. Rb1 Bxg2 30. Kxg2 Rb8 31. Rb5 Kc6 32. Re5 b5 33.
Rxe6+ Kd7 34. Re2 b4 35. Kf3 b3 36. Rb2 Ke6 37. Ke3 Kf5 38. h4 h5 39. Kf3 Rb4
40. Kg3 Ke4 41. Kh3 g6 42. Kg3 Ke3 43. Kh3 Kxf4 44. Rb1 b2 45. Rxb2 Re4 46. Rb3
Re3+ 47. Rxe3 Kxe3 48. Kh2 Kf4 49. Kh3 Kf3 50. Kh2 Kg4 51. Kg2 Kxh4 0-1

[Event "Thanksgiving Open 2011"]
[Site "?"]
[Date "2011.11.26"]
[Round "2"]
[White "Velikanov, Alexander"]
[Black "Shankland, Samuel"]
[Result "0-1"]
[WhiteElo "2185"]
[BlackElo "2632"]
[PlyCount "78"]
[EventDate "2011.??.??"]
[SourceDate "2011.11.26"]

1. e4 c5 2. Nf3 Nc6 3. d4 cxd4 4. Nxd4 Qb6 5. Nb3 Nf6 6. Nc3 e6 7. a3 a6 8. g3
Be7 9. Bg2 d6 10. Be3 Qc7 11. f4 b5 12. Qe2 Bb7 13. O-O-O b4 14. axb4 Nxb4 15.
Rd4 d5 16. exd5 Nbxd5 17. Nxd5 Bxd5 18. f5 O-O 19. Bxd5 Nxd5 20. fxe6 Qe5 21.
Kd2 Nxe3 22. h4 Bc5 23. exf7+ Rxf7 24. Qxe3 Qxe3+ 25. Kxe3 Re8+ 26. Kd3 Rf3+
27. Kc4 Bxd4 28. Nxd4 Rxg3 29. Ra1 Rc8+ 30. Kd5 Rd8+ 31. Kc5 Rg4 32. c3 Rxh4
33. Rxa6 Rh5+ 34. Kc4 Rc8+ 35. Nc6 g5 36. Kd5 g4+ 37. Ke4 Rf8 38. Ra1 g3 39.
Rg1 Rg5 0-1

[Event "Thanksgiving Open 2011"]
[Site "?"]
[Date "2011.11.26"]
[Round "2"]
[White "Kamphorst, Maraani"]
[Black "Hellwig, Luke"]
[Result "1-0"]
[WhiteElo "2002"]
[BlackElo "1808"]
[PlyCount "69"]
[EventDate "2011.??.??"]
[SourceDate "2011.11.26"]

1. d4 Nf6 2. c4 e6 3. Nc3 Bb4 4. f3 d5 5. a3 Bxc3+ 6. bxc3 b6 7. cxd5 exd5 8.
e3 O-O 9. Bd3 Re8 10. Ne2 c5 11. O-O Bb7 12. Ng3 Nc6 13. Ra2 Qe7 14. Re2 Rad8
15. Bb2 c4 16. Bb1 b5 17. e4 Qc7 18. e5 Nd7 19. f4 Qb6 20. Ref2 a5 21. Qh5 Nf8
22. f5 Nxe5 23. dxe5 Rxe5 24. Qg4 Bc8 25. Qf4 f6 26. Rd1 Rde8 27. Kf1 Ba6 28.
Re2 b4 29. axb4 axb4 30. Qd4 Qb8 31. Rxe5 Rxe5 32. Bc1 g5 33. fxg6 Nxg6 34.
Bxg6 hxg6 35. Bf4 1-0

[Event "Thanksgiving Open 2011"]
[Site "?"]
[Date "2011.11.26"]
[Round "1"]
[White "Diamant, Andre"]
[Black "Vergilesov, Alex"]
[Result "1-0"]
[WhiteElo "2521"]
[BlackElo "1954"]
[PlyCount "73"]
[EventDate "2011.??.??"]
[SourceDate "2011.11.26"]

1. d4 d5 2. c4 e5 3. e3 exd4 4. exd4 dxc4 5. Bxc4 Bd6 6. Nf3 Nf6 7. O-O O-O 8.
h3 Bf5 9. Nc3 c6 10. Re1 b5 11. Bb3 b4 12. Nb1 Nbd7 13. Nbd2 Re8 14. Nc4 Qc7
15. Nxd6 Qxd6 16. Ne5 Nxe5 17. dxe5 Qxd1 18. Bxd1 Nd5 19. Ba4 Rac8 20. Bd2 Red8
21. Bg5 Rf8 22. Rac1 h6 23. Bd2 c5 24. Red1 Nb6 25. Bb5 Be6 26. Ba6 Rcd8 27. b3
Nd5 28. Be1 Nf4 29. Rd2 Bc8 30. Bf1 Ne6 31. f3 Bb7 32. Kf2 a5 33. g3 Ng5 34.
Rxd8 Rxd8 35. f4 Ne6 36. Ke3 Rf8 37. Bd3 1-0

[Event "Thanksgiving Open 2011"]
[Site "?"]
[Date "2011.11.26"]
[Round "2"]
[White "Shabalov, Alexander"]
[Black "Ferber, Mark"]
[Result "1-0"]
[WhiteElo "2602"]
[BlackElo "2161"]
[PlyCount "51"]
[EventDate "2011.??.??"]
[SourceDate "2011.11.26"]

1. c4 e5 2. Nc3 Nc6 3. g3 g6 4. Bg2 Bg7 5. Rb1 a5 6. d3 Nf6 7. e3 O-O 8. Nge2
d6 9. a3 Be6 10. Nd5 Qd7 11. h3 Bxd5 12. cxd5 Ne7 13. Nc3 c6 14. dxc6 bxc6 15.
O-O Rab8 16. Bd2 Qa7 17. Qa4 Qa6 18. Rfd1 Nd7 19. b4 Qc8 20. bxa5 Qa6 21. Qc2
Nc5 22. Ne4 Qxd3 23. Qxd3 Nxd3 24. Nxd6 Nf5 25. Rf1 Rfd8 26. Nc4 1-0

[Event "Thanksgiving Open 2011"]
[Site "?"]
[Date "2011.11.26"]
[Round "2"]
[White "Landrum, Stephen"]
[Black "Cao, Kevin"]
[Result "0-1"]
[WhiteElo "1817"]
[BlackElo "2233"]
[PlyCount "69"]
[EventDate "2011.??.??"]
[SourceDate "2011.11.26"]

1. d4 d5 2. Bf4 Nf6 3. e3 e6 4. Nf3 Bd6 5. Bg3 O-O 6. Nbd2 b6 7. Be2 Bb7 8. O-O
Qe7 9. Ne5 Nbd7 10. f4 Ne4 11. Nxd7 Qxd7 12. Rf3 Rad8 13. Bd3 Be7 14. Be1 Bf6
15. Rh3 g6 16. Qf3 c5 17. c3 Nxd2 18. Bxd2 Qe7 19. Rf1 Bg7 20. g4 Bc8 21. Be1
Qd7 22. f5 exf5 23. gxf5 Qc6 24. Bh4 Rde8 25. Rg3 Bh6 26. Bg5 Bxg5 27. Rxg5 Rd8
28. Qh5 Qd7 29. Rf3 f6 30. Rgg3 g5 31. h4 Qf7 32. Qh6 Qg7 33. Qh5 h6 34. e4
dxe4 35. Bxe4 0-1

[Event "Thanksgiving Open 2011"]
[Site "?"]
[Date "2011.11.26"]
[Round "1"]
[White "Rensch, Danny"]
[Black "Gadson, Isaiah"]
[Result "1-0"]
[WhiteElo "2488"]
[BlackElo "2051"]
[PlyCount "73"]
[EventDate "2011.??.??"]
[SourceDate "2011.11.26"]

1. e4 e6 2. d4 d5 3. Nc3 Nf6 4. Bg5 Be7 5. e5 Nfd7 6. Bxe7 Qxe7 7. f4 a6 8. Qd2
c5 9. Nf3 Nc6 10. dxc5 Nxc5 11. g3 O-O 12. Bg2 b5 13. O-O Bb7 14. Ne2 Rac8 15.
Nfd4 Na4 16. b3 Nxd4 17. Nxd4 Nc3 18. Rae1 Qc5 19. Kh1 Ne4 20. Qe3 g6 21. g4
Qe7 22. Bxe4 dxe4 23. c3 Qc5 24. Rc1 Rfd8 25. Rfd1 a5 26. Kg1 a4 27. b4 Qc4 28.
a3 Qd5 29. Kf2 Kg7 30. Nf5+ exf5 31. Rxd5 Rxd5 32. gxf5 Rcd8 33. f6+ Kg8 34.
Re1 Rd3 35. Qb6 R8d7 36. Qxb5 Rd2+ 37. Re2 1-0

[Event "Thanksgiving Open 2011"]
[Site "?"]
[Date "2011.11.26"]
[Round "?"]
[White "Kolar, Brendan"]
[Black "Evans, Jacob"]
[Result "1/2-1/2"]
[WhiteElo "1415"]
[BlackElo "1699"]
[PlyCount "69"]
[EventDate "2011.??.??"]
[SourceDate "2011.11.26"]

1. b4 e5 2. Bb2 d6 3. e3 Nf6 4. c4 Be7 5. Be2 Bf5 6. Nf3 Nbd7 7. c5 O-O 8. O-O
a5 9. a3 axb4 10. axb4 Rxa1 11. Bxa1 Qa8 12. Bb2 Re8 13. d4 exd4 14. exd4 dxc5
15. dxc5 Bxb1 16. Bxf6 Nxf6 17. Qxb1 Bxc5 18. Bb5 c6 19. bxc5 cxb5 20. Qxb5 Nd5
21. Qc4 b5 22. Qb3 Qc6 23. Rd1 Nf4 24. Qb4 Ne6 25. Re1 Ra8 26. Rc1 h6 27. Nd4
Nxd4 28. Qxd4 Rb8 29. Qb4 Ra8 30. h3 Ra4 31. Qb3 Re4 32. Rb1 Qxc5 33. Qxb5 Re1+
34. Kh2 Qc7+ 35. g3 1/2-1/2

[Event "Thanksgiving Open 2011"]
[Site "?"]
[Date "2011.11.26"]
[Round "1"]
[White "Kolar, Aiden"]
[Black "Margrabe, Andrew"]
[Result "1/2-1/2"]
[WhiteElo "833"]
[BlackElo "1251"]
[PlyCount "65"]
[EventDate "2011.??.??"]
[SourceDate "2011.11.26"]

1. b4 e5 2. Bb2 d6 3. Nf3 Nf6 4. e3 Be7 5. c4 O-O 6. Be2 c6 7. O-O Qc7 8. Qc2
h6 9. d4 e4 10. Nfd2 Bf5 11. Nc3 d5 12. a3 Nbd7 13. Rac1 Rac8 14. Qb3 Nb6 15.
cxd5 Nbxd5 16. Nxd5 Nxd5 17. f3 Bg5 18. f4 Be7 19. Bc4 Qd7 20. b5 Nf6 21. Qa4
Qc7 22. Rfd1 Bg4 23. Rf1 Rfd8 24. Qb3 c5 25. Bxf7+ Kh8 26. Nc4 Be2 27. Rf2 Bxc4
28. Rxc4 Ng4 29. Rfc2 Qd6 30. h3 Nf6 31. Rxc5 Rxc5 32. Rxc5 Qd7 33. Re5 1/2-1/2

[Event "Thanksgiving Open 2011"]
[Site "?"]
[Date "2011.11.26"]
[Round "3"]
[White "Stafford, Joseph"]
[Black "Hosler, Matt"]
[Result "0-1"]
[WhiteElo "1730"]
[BlackElo "1701"]
[PlyCount "70"]
[EventDate "2011.??.??"]
[SourceDate "2011.11.26"]

1. e4 e6 2. d4 d5 3. exd5 exd5 4. Bd3 Bd6 5. Nf3 Nf6 6. O-O O-O 7. Bg5 Bg4 8.
h3 Be6 9. c3 c6 10. Qc2 h6 11. Bh4 Nbd7 12. Nbd2 Qc7 13. Bxf6 Nxf6 14. Rae1
Rfe8 15. Ne5 c5 16. Nef3 c4 17. Bf5 Bxf5 18. Qxf5 b5 19. Rxe8+ Rxe8 20. Re1
Rxe1+ 21. Nxe1 b4 22. Nc2 bxc3 23. bxc3 Qb7 24. Ne3 Qb2 25. Qc8+ Kh7 26. Qf5+
Kh8 27. Qc8+ Ng8 28. Ndxc4 Qc1+ 29. Nf1 dxc4 30. Qxc4 Nf6 31. Qxf7 Qxc3 32.
Qxa7 Qe1 33. a4 Ne4 34. Qa8+ Kh7 35. Qe8 Qxf2+ 0-1

[Event "Thanksgiving Open 2011"]
[Site "?"]
[Date "2011.11.26"]
[Round "3"]
[White "Veech, John"]
[Black "Vergilesov, Alex"]
[Result "*"]
[WhiteElo "2200"]
[BlackElo "1954"]
[PlyCount "55"]
[EventDate "2011.??.??"]
[SourceDate "2011.11.26"]

1. d4 d5 2. c4 e5 3. dxe5 d4 4. Nf3 Nc6 5. a3 Be6 6. e3 dxe3 7. Qxd8+ Rxd8 8.
Bxe3 Nge7 9. Nc3 Ng6 10. Ng5 Ngxe5 11. Nxe6 fxe6 12. Nb5 a6 13. Nc3 Na5 14. Bf4
Naxc4 15. Bxe5 Nxe5 16. Rd1 Rxd1+ 17. Kxd1 Bc5 18. Ne4 Bd4 19. Kc2 Ke7 20. Be2
c5 21. Rd1 Nc6 22. f3 b5 23. Bf1 Rb8 24. b3 Rc8 25. Rc1 h6 26. Rd1 Be5 27. f4
Nd4+ 28. Kb1 *

[Event "Thanksgiving Open 2011"]
[Site "?"]
[Date "2011.11.26"]
[Round "3"]
[White "Kamphorst, Maraani"]
[Black "Vaughn, Rodney"]
[Result "0-1"]
[WhiteElo "1847"]
[BlackElo "1834"]
[PlyCount "74"]
[EventDate "2011.??.??"]
[SourceDate "2011.11.26"]

1. d4 Nf6 2. c4 d6 3. Nf3 g6 4. Nc3 Bg7 5. Bf4 Nbd7 6. e3 O-O 7. Bd3 a5 8. O-O
h6 9. Re1 Nh5 10. Bg3 e5 11. Bc2 Nxg3 12. hxg3 f5 13. a3 Kh7 14. Qe2 Qe7 15.
Nd5 Qd8 16. Rad1 e4 17. Nh2 c6 18. Nc3 Nf6 19. Rd2 Bd7 20. Bb1 Qc7 21. Red1
Rfb8 22. a4 b6 23. d5 cxd5 24. cxd5 Rc8 25. Nb5 Bxb5 26. Qxb5 Qc5 27. Qb3 Nd7
28. f4 Qc4 29. Qa3 Nc5 30. Bc2 b5 31. axb5 Qxb5 32. b3 Bf6 33. Rf2 Rab8 34. g4
Qb4 35. Qxb4 Rxb4 36. gxf5 gxf5 37. g4 Rg8 0-1

[Event "Thanksgiving Open 2011"]
[Site "?"]
[Date "2011.11.26"]
[Round "3"]
[White "Diamant, Andre"]
[Black "Kaidanov, Gregory"]
[Result "0-1"]
[WhiteElo "2531"]
[BlackElo "2633"]
[PlyCount "33"]
[EventDate "2011.??.??"]
[SourceDate "2011.11.26"]

1. d4 d5 2. c4 c6 3. Nf3 Nf6 4. Nc3 e6 5. Bg5 dxc4 6. a4 b5 7. axb5 cxb5 8. e4
Qb6 9. Be2 Be7 10. Bxf6 gxf6 11. O-O a6 12. b3 cxb3 13. Qxb3 Nd7 14. Nxb5 Bb7
15. Rfb1 axb5 16. Bxb5 O-O 17. Rxa8 0-1

[Event "Thanksgiving Open 2011"]
[Site "?"]
[Date "2011.11.26"]
[Round "1"]
[White "McLaughlin, Jim"]
[Black "Amanov, Mesgen"]
[Result "0-1"]
[WhiteElo "2106"]
[BlackElo "2614"]
[PlyCount "66"]
[EventDate "2011.??.??"]
[SourceDate "2011.11.26"]

1. d4 d5 2. c4 c6 3. Nf3 Nf6 4. Nc3 e6 5. Bg5 dxc4 6. e4 b5 7. e5 h6 8. Bh4 g5
9. Nxg5 hxg5 10. Bxg5 Nbd7 11. exf6 Bb7 12. g3 c5 13. d5 Qb6 14. Bg2 O-O-O 15.
O-O b4 16. Na4 Qa6 17. a3 Bxd5 18. Bxd5 Ne5 19. axb4 Rxd5 20. Qe2 cxb4 21. Nc3
Qd6 22. Nxd5 Qxd5 23. f3 Bc5+ 24. Kg2 Nd3 25. h4 Rd8 26. Ra5 Qd4 27. Rfa1 Bb6
28. R5a4 Rd5 29. Rd1 Re5 30. Qd2 Qxb2 31. Qxb2 Nxb2 32. Rxb4 Nxd1 33. Rxc4+ Kb7
0-1

[Event "Thanksgiving Open 2011"]
[Site "?"]
[Date "2011.11.26"]
[Round "3"]
[White "Landrum, Stephen"]
[Black "Finegold, Spencer"]
[Result "0-1"]
[WhiteElo "1847"]
[BlackElo "2139"]
[PlyCount "78"]
[EventDate "2011.??.??"]
[SourceDate "2011.11.26"]

1. Nf3 Nf6 2. d4 g6 3. Bf4 c5 4. c3 Bg7 5. Nbd2 O-O 6. e3 d6 7. h3 Be6 8. dxc5
dxc5 9. Qa4 Nbd7 10. Be2 a6 11. Ng5 Bd5 12. Bf3 Bxf3 13. Ngxf3 b5 14. Qc2 b4
15. O-O Nd5 16. cxb4 Nxf4 17. exf4 cxb4 18. Rad1 Qc8 19. Qe4 a5 20. Qxe7 Bxb2
21. Nc4 Qxc4 22. Rxd7 Rae8 23. Qh4 Bc3 24. Qg5 Kg7 25. Qxa5 b3 26. axb3 Qxf1+
27. Kxf1 Bxa5 28. g4 Rb8 29. Nd4 Rb6 30. f5 gxf5 31. gxf5 Kf6 32. Rd5 Bc3 33.
Nb5 Be5 34. Ke2 Rfb8 35. f4 Rxb5 36. fxe5+ Kxf5 37. Rd7 Rxe5+ 38. Kd2 Ke6 39.
Rd3 Rd5 0-1

[Event "Thanksgiving Open 2011"]
[Site "?"]
[Date "2011.11.26"]
[Round "3"]
[White "Robson, Ray"]
[Black "Shabalov, Alex"]
[Result "0-1"]
[WhiteElo "2655"]
[BlackElo "2606"]
[PlyCount "71"]
[EventDate "2011.??.??"]
[SourceDate "2011.11.26"]

1. e4 c5 2. Nf3 d6 3. d4 cxd4 4. Nxd4 Nf6 5. Nc3 Nc6 6. Bg5 e6 7. Qd2 a6 8.
O-O-O Bd7 9. f4 b5 10. Bxf6 gxf6 11. Nxc6 Bxc6 12. Qe3 Qe7 13. Bd3 Qa7 14. Qh3
Qc5 15. f5 b4 16. Ne2 e5 17. Ng3 a5 18. Nh5 Be7 19. Ng7+ Kd7 20. Qh5 Rhf8 21.
Qe2 a4 22. Bc4 b3 23. cxb3 axb3 24. axb3 Rfc8 25. Rhe1 Ba4 26. Kb1 Bxb3 27.
Bxb3 Qa5 28. Bc4 Qa1+ 29. Kc2 Qa2 30. Kd2 Rxc4 31. Ke3 Rb8 32. Rd2 Bf8 33. Qh5
Ra4 34. Rd4 exd4+ 35. Kf4 Bxg7 36. Ra1 0-1

[Event "Thanksgiving Open 2011"]
[Site "?"]
[Date "2011.11.26"]
[Round "3"]
[White "Gaul, Thomas"]
[Black "Velikanov, Alexander"]
[Result "0-1"]
[WhiteElo "1903"]
[BlackElo "2185"]
[PlyCount "82"]
[EventDate "2011.??.??"]
[SourceDate "2011.11.26"]

1. b3 e5 2. Bb2 Nc6 3. e3 d5 4. Bb5 Bd6 5. f4 Qe7 6. Ne2 exf4 7. O-O Be5 8. d4
Bd6 9. e4 Qxe4 10. Nbc3 Qe6 11. Qd2 Nf6 12. Nxf4 Bxf4 13. Rxf4 O-O 14. Re1 Qd6
15. Bd3 Ne7 16. Nb5 Qd8 17. Rxe7 Qxe7 18. Ba3 Qd8 19. Nxc7 Qxc7 20. Rxf6 Re8
21. Rf4 Be6 22. Rh4 f5 23. g4 Qf7 24. Bd6 g6 25. Be5 fxg4 26. Rh6 Bf5 27. Bb5
Bd7 28. Bd3 Bf5 29. Bb5 Re6 30. c4 Be4 31. Qe3 Rf8 32. cxd5 Bxd5 33. Bd3 a6 34.
Be2 Rxe5 35. dxe5 Qf4 36. Qc5 Qxe5 37. Qxd5+ Qxd5 38. Bc4 Qxc4 39. bxc4 Rf4 40.
c5 Kg7 41. Rh4 g5 0-1

[Event "Thanksgiving Open 2011"]
[Site "?"]
[Date "2011.11.26"]
[Round "3"]
[White "Hua, Margaret"]
[Black "Cao, Kevin"]
[Result "1/2-1/2"]
[WhiteElo "2002"]
[BlackElo "2233"]
[PlyCount "83"]
[EventDate "2011.??.??"]
[SourceDate "2011.11.26"]

1. e4 e5 2. Bc4 Nf6 3. d3 Bc5 4. Nf3 Nc6 5. O-O d6 6. c3 O-O 7. h3 a6 8. a4 Ba7
9. b4 Ne7 10. Nbd2 Ng6 11. Re1 Be6 12. Ba2 Nh5 13. Nf1 Nhf4 14. d4 Qd7 15. Bxe6
Qxe6 16. Be3 Qe7 17. Ng3 h6 18. Kh2 f6 19. Qd2 Qf7 20. d5 Rfd8 21. c4 Rd7 22.
Rac1 c6 23. Rc2 c5 24. b5 axb5 25. axb5 Bb6 26. Ra2 Rxa2 27. Qxa2 Nd3 28. Rd1
Nb4 29. Qb3 Rd8 30. Bd2 Ba5 31. Ne1 Ra8 32. Nc2 Nxc2 33. Qxc2 Bxd2 34. Qxd2 Nh4
35. Qb2 Ra4 36. Qc2 Ra5 37. Qc3 Ra8 38. Ra1 Rf8 39. Ra7 f5 40. exf5 Nxf5 41.
Nxf5 Qxf5 42. Qb2 1/2-1/2

[Event "Thanksgiving Open 2011"]
[Site "?"]
[Date "2011.11.27"]
[Round "4"]
[White "Zenyuk, Iryna"]
[Black "Hua, Margaret"]
[Result "1-0"]
[WhiteElo "2316"]
[BlackElo "2002"]
[PlyCount "78"]
[EventDate "2011.??.??"]
[SourceDate "2011.11.27"]

1. d4 d5 2. c4 e6 3. Nc3 c6 4. e3 Nf6 5. Bd2 Be7 6. Nf3 b6 7. Bd3 Bb7 8. O-O
O-O 9. Qe2 Nbd7 10. Rac1 Rc8 11. cxd5 exd5 12. Bf5 Ra8 13. e4 dxe4 14. Nxe4 c5
15. Rfd1 Nxe4 16. Bxe4 Bxe4 17. Qxe4 Nf6 18. Qh4 Qb8 19. dxc5 Bxc5 20. Bg5 Be7
21. Nd4 Qb7 22. Nf5 Rfc8 23. Rxc8+ Rxc8 24. h3 Rc6 25. Bxf6 Rxf6 26. Nxe7+ Qxe7
27. Qe4 Qf8 28. Qb7 a5 29. Qc7 Re6 30. Rd8 Re8 31. Rxe8 Qxe8 32. Qxb6 Qe1+ 33.
Kh2 Qe5+ 34. g3 h6 35. b4 axb4 36. Qxb4 Qe2 37. Qb8+ Kh7 38. Qb1+ g6 39. Kg1
Qe6 1-0

[Event "Thanksgiving Open 2011"]
[Site "?"]
[Date "2011.11.27"]
[Round "5"]
[White "Taras, Robert"]
[Black "Gadson, Isaiah"]
[Result "0-1"]
[WhiteElo "1800"]
[BlackElo "2002"]
[PlyCount "28"]
[EventDate "2011.??.??"]
[SourceDate "2011.11.27"]

1. e4 e6 2. d4 d5 3. Nd2 Nf6 4. Bd3 c5 5. c3 dxe4 6. Nxe4 cxd4 7. Bg5 dxc3 8.
Qf3 Qa5 9. bxc3 Nxe4 10. Bxe4 Qxg5 11. Nh3 Qe5 12. O-O Bd6 13. g3 Nd7 14. Rad1
Be7 0-1

[Event "Thanksgiving Open 2011"]
[Site "?"]
[Date "2011.11.27"]
[Round "5"]
[White "Landrum, Stephen"]
[Black "McLaughlin, Jim"]
[Result "0-1"]
[WhiteElo "1817"]
[BlackElo "2106"]
[PlyCount "46"]
[EventDate "2011.??.??"]
[SourceDate "2011.11.27"]

1. d4 Nf6 2. Nf3 e6 3. Bf4 c5 4. c3 Nc6 5. e3 Be7 6. Nbd2 d5 7. h3 O-O 8. Bd3
Bd7 9. O-O Qb6 10. Rb1 Rac8 11. Re1 Rfd8 12. Ne5 Nxe5 13. dxe5 Ne8 14. Qh5 f5
15. exf6 Nxf6 16. Qh4 Be8 17. Bxh7+ Nxh7 18. Qxe7 Nf6 19. Be5 Rd7 20. Bxf6 Rxe7
21. Bxe7 Bg6 22. h4 Bxb1 23. Rxb1 Qa6 0-1

[Event "Thanksgiving Open 2011"]
[Site "?"]
[Date "2011.11.27"]
[Round "5"]
[White "Schneider, Thomas"]
[Black "Eckert, Doug"]
[Result "0-1"]
[WhiteElo "1976"]
[BlackElo "2200"]
[PlyCount "62"]
[EventDate "2011.??.??"]
[SourceDate "2011.11.27"]

1. d4 Nf6 2. c4 g6 3. g3 Bg7 4. Bg2 d5 5. cxd5 Nxd5 6. Nf3 Nb6 7. Nc3 Nc6 8. e3
O-O 9. O-O Re8 10. Re1 a5 11. Qe2 Be6 12. Nd2 a4 13. Nde4 Bc4 14. Qd1 e5 15.
Nc5 exd4 16. exd4 Rxe1+ 17. Qxe1 Nxd4 18. Nxb7 Qf6 19. Qd1 a3 20. Nc5 Re8 21.
N5e4 Qd8 22. Bg5 f6 23. Be3 axb2 24. Rb1 Ne2+ 25. Kh1 f5 26. Qxd8 Rxd8 27. Nxe2
Bxe2 28. Nd2 Rxd2 29. Bxd2 Bd3 30. a4 Bxb1 31. a5 Bd3 0-1

[Event "Thanksgiving Open 2011"]
[Site "?"]
[Date "2011.11.27"]
[Round "5"]
[White "Finegold, Spencer"]
[Black "Gaul, Tom"]
[Result "1-0"]
[WhiteElo "2139"]
[BlackElo "1903"]
[PlyCount "79"]
[EventDate "2011.??.??"]
[SourceDate "2011.11.27"]

1. e4 e6 2. d4 d5 3. Nc3 Nf6 4. Bg5 Be7 5. e5 Nfd7 6. h4 h6 7. Bxe7 Qxe7 8. Bd3
b6 9. a4 Ba6 10. Nb5 Bxb5 11. axb5 c5 12. bxc6 Nxc6 13. c3 O-O 14. Nf3 f6 15.
exf6 Nxf6 16. O-O Ng4 17. g3 Nf6 18. Qe2 Qd6 19. Rae1 Nd8 20. Kg2 a5 21. Ne5
Ra7 22. g4 Nd7 23. f4 Nxe5 24. fxe5 Qe7 25. Rxf8+ Qxf8 26. Bg6 a4 27. Rf1 Qe7
28. g5 a3 29. bxa3 Rxa3 30. Qh5 Rxc3 31. Kh2 Qa3 32. Bf7+ Kh8 33. Bxe6 Rc2+ 34.
Kh1 Qe7 35. gxh6 g6 36. Qg5 Qxg5 37. Rf8+ Kh7 38. Bg8+ Kxh6 39. hxg5+ Kxg5 40.
Rxd8 1-0

[Event "Thanksgiving Open 2011"]
[Site "?"]
[Date "2011.11.27"]
[Round "5"]
[White "Recnsch, Daniel"]
[Black "Zenyuk, Iryna"]
[Result "1-0"]
[WhiteElo "2488"]
[BlackElo "2315"]
[PlyCount "79"]
[EventDate "2011.??.??"]
[SourceDate "2011.11.27"]

1. e4 c5 2. Nf3 d6 3. d4 cxd4 4. Nxd4 Nf6 5. Nc3 g6 6. Be3 Bg7 7. f3 Nc6 8. Qd2
O-O 9. O-O-O Bd7 10. Kb1 Rc8 11. g4 Ne5 12. h4 Qa5 13. Be2 Rxc3 14. Qxc3 Qxc3
15. bxc3 Rc8 16. Kb2 Nc4+ 17. Bxc4 Rxc4 18. Nb3 Nxe4 19. fxe4 Bxc3+ 20. Kb1
Bxg4 21. Rdf1 Rxe4 22. Rf4 Rxe3 23. Rxg4 f5 24. Rc4 b5 25. Rc7 f4 26. Nc1 f3
27. Nd3 Bd4 28. Kc1 h6 29. Kd1 Bb6 30. Rb7 Re4 31. Rf1 Rxh4 32. Rxe7 Rh3 33.
Re6 g5 34. Rxd6 Kg7 35. Ne5 f2 36. Rg6+ Kf8 37. Ng4 Kf7 38. Rxh6 Rf3 39. Ke2
Rf4 40. Nxf2 1-0

[Event "Thanksgiving Open 2011"]
[Site "?"]
[Date "????.??.??"]
[Round "5"]
[White "Shabalov, Alex"]
[Black "Kaidanov, Gregory"]
[Result "1-0"]
[WhiteElo "2632"]
[BlackElo "2633"]
[PlyCount "77"]

1. e4 e5 2. Nf3 Nc6 3. Bb5 a6 4. Ba4 Nf6 5. O-O b5 6. Bb3 Bb7 7. Re1 Bc5 8. c3
d6 9. d4 Bb6 10. Be3 O-O 11. Nbd2 h6 12. h3 exd4 13. cxd4 Nb4 14. Qb1 c5 15. a3
cxd4 16. Bxh6 gxh6 17. axb4 Kh8 18. Qd3 Nh5 19. e5 Qd7 20. Ne4 Nf4 21. Qd2 dxe5
22. Nxe5 Qf5 23. Nd6 Qf6 24. Kh2 Bc7 25. Ndxf7+ Rxf7 26. Nxf7+ Kg7 27. g3 Rf8
28. Rac1 Bb8 29. Nxh6 Nxh3 30. Nf5+ Kh8 31. Re6 Ng5 32. Rxf6 Nf3+ 33. Kh3 Rxf6
34. Qe2 Ng1+ 35. Kh4 Nf3+ 36. Qxf3 Bxf3 37. Rc8+ Kh7 38. Rxb8 d3 39. Kg5 1-0